| 000 | 00861nam a2200241 a 4500 | ||
|---|---|---|---|
| 999 |
_c29042 _d29041 |
||
| 001 | 2868842 | ||
| 003 | OSt | ||
| 005 | 20170605213317.0 | ||
| 008 | 860214s1984 fr b 000 0 fre | ||
| 010 | _a 85191447 | ||
| 020 | _a9782080702067 | ||
| 027 | _qDLC | ||
| 040 |
_aMMU _cMMU _dMMU _beng |
||
| 050 | 0 | 0 |
_aPQ2605.B655 1969 _bA85 1984 |
| 082 | 0 | 0 |
_a194 _219 |
| 100 | 1 |
_aClaudel, Paul, _d1868-1955. |
|
| 245 | 1 | 0 |
_aArt poétique / _cPaul Claudel ; édition présentée et annotée par Gilbert Gadoffre. |
| 260 |
_a[Paris] : _bGallimard, _cc1984. |
||
| 300 |
_a179 p. ; _c18 cm. |
||
| 490 | 0 |
_aCollection Poésie ; _v192 |
|
| 504 | _aBibliography: p. [159]-179. | ||
| 505 | 0 | _aConnaissance du temps -- Traité de la co-naissance au monde et de soi-même -- Développement de l'Eglise. | |
| 906 |
_a7 _bcbc _corignew _d4 _encip _f19 _gy-gencatlg |
||
| 942 |
_2lcc _cLOAN LOAN |
||